The b-weakly compactness of semi-compact operators

We investigate Banach lattices on which each semi-compact operator (resp. the second power of each semi-compact operator) is £>-weakly compact.

Elmentve itt :
Bibliográfiai részletek
Szerzők: Aqzzouz Belmesnaoui
Elbour Aziz
Dokumentumtípus: Cikk
Megjelent: Bolyai Institute, University of Szeged Szeged 2010
Sorozat:Acta scientiarum mathematicarum 76 No. 3-4
Kulcsszavak:Matematika
Tárgyszavak:
Online Access:http://acta.bibl.u-szeged.hu/16363
LEADER 00939nab a2200229 i 4500
001 acta16363
005 20260309143033.0
008 161015s2010 hu o 000 eng d
022 |a 0001-6969 
040 |a SZTE Egyetemi Kiadványok Repozitórium  |b hun 
041 |a eng 
100 1 |a Aqzzouz Belmesnaoui 
245 1 4 |a The b-weakly compactness of semi-compact operators  |h [elektronikus dokumentum] /  |c  Aqzzouz Belmesnaoui 
260 |a Bolyai Institute, University of Szeged  |b Szeged  |c 2010 
300 |a 501-510 
490 0 |a Acta scientiarum mathematicarum  |v 76 No. 3-4 
520 3 |a We investigate Banach lattices on which each semi-compact operator (resp. the second power of each semi-compact operator) is £>-weakly compact. 
650 4 |a Természettudományok 
650 4 |a Matematika 
695 |a Matematika 
700 0 1 |a Elbour Aziz  |e aut 
856 4 0 |u http://acta.bibl.u-szeged.hu/16363/1/math_076_numb_003_004_501-510.pdf  |z Dokumentum-elérés